| 000 | 005450000a22002170004500 | ||
|---|---|---|---|
| 003 | LK-CoMWRAF | ||
| 005 | 20231020093242.0 | ||
| 008 | 230817t ||||| |||| 00| 0 eng d | ||
| 020 | _a0563364416 | ||
| 040 |
_aLK-CoMWRAF _dLK-CoMWRAF _eLK-CoMWRAF |
||
| 041 | _aeng | ||
| 082 |
_a956 _bAHM |
||
| 100 | _aAhmed, Akbar S. | ||
| 245 | _aFrom samarkand to stornoway living Islam | ||
| 260 |
_aLondon : _bBBC Books, _c1993 |
||
| 300 | _a224p | ||
| 490 | _aAccompanies the major tv series | ||
| 500 | _aiIndex | ||
| 650 | _aIslam | ||
| 942 | _cBK | ||
| 999 |
_c115 _d115 |
||